| 000 | 00731nam a2200241 a 4500 | ||
|---|---|---|---|
| 001 | 000011271 | ||
| 003 | OSt | ||
| 005 | 20240412074225.0 | ||
| 008 | 091015s1952 dr c 000 p spa d | ||
| 040 |
_aDO-SdBNP _bspa _cDO-SdBNP |
||
| 082 |
_aRD861.44 _bR696d,1952 _222 |
||
| 100 | 1 |
_aRodríguez V., Severino A. _926846 |
|
| 245 | 1 | 0 |
_aDe mi lira popular / _cSeverino V. Rodríguez V. |
| 250 | _a2a ed. | ||
| 260 |
_aCiudad Trujillo, República Dominicana : _bImpresora Dominicana, _c1952. |
||
| 300 |
_a57 p. ; _c22 cm. |
||
| 590 | _aInventariado,2020/VM | ||
| 650 | 0 |
_aPoesía dominicana _966 |
|
| 650 | 0 |
_aLiteratura dominicana. _967 |
|
| 910 | _aValidado. Control de calidad BNPHU | ||
| 942 |
_2ddc _cLBS1 |
||
| 956 | _aVMateo | ||
| 999 |
_c10988 _d10988 |
||